Statistiques concernant Complétez les titres de film #4

Cliquez ici pour prendre le quiz!

Statistiques générales

  • Ce quiz a été pris 690 fois
  • Le résultat moyen est 7 sur 9

Statistiques - réponses

Titres de filmMots manquants% Correct
La ______ des boutonsguerre
98%
Nos _____ heureuxjours
95%
L'aile ou la ______cuisse
89%
Le _____ bleugrand
86%
Papy fait de la __________résistance
72%
______ WomanPretty
70%
La ____ aux follescage
64%
La ____ aux troussesmort
57%
_________ DogsReservoir
53%

Distribution des résultats

Percentile par nombre de réponses

% des personnes avec chaque résultat

Votre développement - résultats

Vous n’avez pas pris ce quiz